Urban Planning and Development (Record no. 262)

000 -LEADER
fixed length control field 00330 a2200109 4500
020 ## - INTERNATIONAL STANDARD BOOK NUMBER
International Standard Book Number 817024417X
082 ## - DEWEY DECIMAL CLASSIFICATION NUMBER
Classification number 309.262 SIN
100 ## - MAIN ENTRY--PERSONAL NAME
Personal name Singh, Shamsher
245 ## - TITLE STATEMENT
Title Urban Planning and Development
Statement of responsibility, etc. Shamsher Singh
260 ## - PUBLICATION, DISTRIBUTION, ETC.
Place of publication, distribution, etc. New Delhi :
Name of publisher, distributor, etc. S. B. Nangia for Ashish Publishing House,
Date of publication, distribution, etc. 1992
300 ## - PHYSICAL DESCRIPTION
Extent vii, 153p. :
Other physical details ill ., ;
Dimensions 22 cm
650 ## - SUBJECT ADDED ENTRY--TOPICAL TERM
Topical term or geographic name entry element Urban Planning
Holdings
Withdrawn status Lost status Damaged status Not for loan Permanent Location Current Location Shelving location Date acquired Total Checkouts Full call number Barcode Date last seen Price effective from Koha item type
        School of Civil and Environmental Engineering (SCEE) School of Civil and Environmental Engineering (SCEE)       309.262 SIN NIT-553 01/05/2017 01/05/2017 Book
© 2023 Central Library, National University of Sciences and Technology. All Rights Reserved.